[Event "EU-ch Amateur U2000"]
[Site "Zagreb"]
[Date "2022.08.14"]
[Round "1"]
[White "Tresnak, Filip"]
[Black "Vujic, Velibor"]
[Result "1-0"]
[WhiteElo "1937"]
[BlackElo "1778"]
[PlyCount "56"]
[EventDate "2022.08.14"]
[EventType "swiss"]
[EventRounds "9"]
[EventCountry "CRO"]
[SourceTitle "CBM 210 Extra"]
[Source "ChessBase"]
[SourceDate "2022.11.30"]
[SourceVersion "1"]
[SourceVersionDate "2022.11.30"]
[SourceQuality "1"]

1. Nf3 d5 2. c4 d4 3. b4 Bg4 4. e3 e5 5. Qa4+ Bd7 6. Qb3 Qe7 7. b5 c5 8. bxc6 Nxc6 9. Ba3 Qf6 10. Bxf8 Kxf8 11. Qxb7 Rd8 12. Qb2 Rb8 13. Qa3+ Nge7 14. exd4 e4 15. Ne5 Nxe5 16. dxe5 Qxe5 17. Nc3 g6 18. Be2 Kg7 19. 0-0 Nc6 20. Nb5 Qg5 21. Qc3+ f6 22. Nd6 Qf4 23. c5 h5 24. g3 Qh6 25. Nxe4 Rhf8 26. Rab1 h4 27. Rxb8 Rxb8 28. Qxf6+ Kg8 1-0

[Event "CRO-chT4A Center"]
[Site "Zagreb"]
[Date "2010.04.11"]
[Round "3.54"]
[White "Klement, Dubravko"]
[Black "Vujic, Velibor"]
[Result "1/2-1/2"]
[WhiteElo "1933"]
[BlackElo "2027"]
[PlyCount "102"]
[EventDate "2010.03.21"]
[EventType "team-tourn"]
[EventRounds "11"]
[EventCountry "CRO"]
[SourceTitle "EXT 2012"]
[Source "ChessBase"]
[SourceDate "2011.11.24"]
[SourceVersion "1"]
[SourceVersionDate "2011.11.24"]
[SourceQuality "1"]

1. d4 Nf6 2. c4 g6 3. Nc3 Bg7 4. e4 d6 5. Bg5 0-0 6. Qd2 e5 7. d5 Nbd7 8. Bd3 Nc5 9. Bc2 a6 10. Nge2 Qe8 11. b4 Ncd7 12. Ng3 Ng4 13. h3 h6 14. hxg4 hxg5 15. Qxg5 Nf6 16. f3 Qd8 17. Qh4 Re8 18. g5 Nd7 19. 0-0 c6 20. Nge2 Qb6+ 21. Qf2 Qxb4 22. dxc6 bxc6 23. Rfd1 Bf8 24. Na4 Qa5 25. Kf1 Rb8 26. Rab1 Rxb1 27. Rxb1 Qd2 28. Bb3 Qxg5 29. Rd1 a5 30. Qa7 Kg7 31. c5 Be7 32. cxd6 Bf6 33. Ng1 Rh8 34. Nh3 Rxh3 35. gxh3 c5 36. Qxa5 Qe3 37. Qc3 Ba6+ 38. Kg2 Qe2+ 39. Kh1 Bg5 40. Qc2 Qxf3+ 41. Qg2 Qe3 42. Nb2 Nf6 43. Nc4 Bxc4 44. Bxc4 Nxe4 45. Rf1 Ng3+ 46. Kh2 Bf4 47. Rxf4 Qxf4 48. Qxg3 Qd2+ 49. Qg2 Qf4+ 50. Qg3 Qd2+ 51. Qg2 Qf4+ 1/2-1/2